[Event "SV Hamm 1 - SV Recklinghausen-Süd 1"]
[Site "Verbandsliga, Gruppe 2 2017/2"]
[Date "2018.03.18"]
[Round "8.2"]
[White "Schlaap, Ralf"]
[Black "Callenberg, Ralf"]
[Result "1/2-1/2"]
[WhiteElo "2072"]
[BlackElo "2029"]
[PlyCount "32"]
[EventDate "2018.??.??"]

1. c4 Nf6 2. Nc3 d5 3. cxd5 Nxd5 4. d4 g6 5. e4 Nxc3 6. bxc3 Bg7 7. Bc4 c5 8.
Ne2 O-O 9. O-O cxd4 10. cxd4 Nc6 11. Be3 Bg4 12. f3 Na5 13. Bxf7+ Rxf7 14. fxg4
Rxf1+ 15. Kxf1 Qd7 16. h3 b5 1/2-1/2

[Event "SV Hamm 1 - SV Recklinghausen-Süd 1"]
[Site "Verbandsliga, Gruppe 2 2017/2"]
[Date "2018.03.18"]
[Round "8.3"]
[White "Mecklenburg, Roland"]
[Black "Dukic, Dalibor"]
[Result "1/2-1/2"]
[WhiteElo "2010"]
[BlackElo "2040"]
[PlyCount "33"]
[EventDate "2018.??.??"]

1. d4 Nf6 2. Nf3 d6 3. c4 Nbd7 4. Nc3 e5 5. e4 Be7 6. Bg5 O-O 7. Bxf6 Bxf6 8.
d5 a5 9. Be2 Nc5 10. Qc2 Be7 11. O-O f5 12. Nd2 f4 13. Na4 Nd7 14. a3 b6 15. b4
Nf6 16. f3 Bd7 17. Nb2 1/2-1/2

[Event "SV Hamm 1 - SV Recklinghausen-Süd 1"]
[Site "Verbandsliga, Gruppe 2 2017/2"]
[Date "2018.03.18"]
[Round "8.6"]
[White "Vierbuchen, Joachim"]
[Black "Hajra, Hetem"]
[Result "1/2-1/2"]
[WhiteElo "1884"]
[BlackElo "1936"]
[PlyCount "21"]
[EventDate "2018.??.??"]

1. d4 Nf6 2. c4 d5 3. cxd5 Qxd5 4. Nc3 Qa5 5. Qa4+ Qxa4 6. Nxa4 b6 7. Bf4 Nd5
8. Bd2 Bd7 9. Nc3 Nxc3 10. Bxc3 e6 11. e3 1/2-1/2

[Event "SV Hamm 1 - SV Recklinghausen-Süd 1"]
[Site "Verbandsliga, Gruppe 2 2017/2"]
[Date "2018.03.18"]
[Round "8.7"]
[White "Becker, Christian"]
[Black "Bachmann, Rolf"]
[Result "1/2-1/2"]
[WhiteElo "1848"]
[BlackElo "1816"]
[PlyCount "20"]
[EventDate "2018.??.??"]

1. b3 Nf6 2. Bb2 g6 3. e3 Bg7 4. Nf3 O-O 5. Be2 d6 6. O-O e5 7. d3 Nbd7 8. Nbd2
Re8 9. Re1 Nf8 10. h3 c6 1/2-1/2

[Event "SC Doppelbauer Brambauer 1 - SK Holster"]
[Site "Verbandsliga, Gruppe 2 2017/2"]
[Date "2018.03.18"]
[Round "8.1"]
[White "Walbaum, Klaus"]
[Black "Remmler, Volker"]
[Result "1/2-1/2"]
[WhiteElo "2076"]
[BlackElo "2047"]
[PlyCount "42"]
[EventDate "2018.??.??"]

1. Nf3 Nf6 2. g3 g6 3. Bg2 Bg7 4. O-O O-O 5. c4 d6 6. Nc3 e5 7. d3 Nc6 8. Rb1
a5 9. a3 Nd4 10. e3 Nxf3+ 11. Bxf3 c6 12. b4 axb4 13. axb4 d5 14. c5 Bh3 15.
Re1 e4 16. dxe4 Nxe4 17. Nxe4 dxe4 18. Bg2 Bxg2 19. Kxg2 Bc3 20. Rf1 Qxd1 21.
Rxd1 Rfd8 1/2-1/2

[Event "SC Doppelbauer Brambauer 1 - SK Holster"]
[Site "Verbandsliga, Gruppe 2 2017/2"]
[Date "2018.03.18"]
[Round "8.5"]
[White "Warmbier, Robert"]
[Black "Bauch-Lojewski, Ralf"]
[Result "1/2-1/2"]
[WhiteElo "1867"]
[BlackElo "1957"]
[PlyCount "30"]
[EventDate "2018.??.??"]

1. e4 e6 2. d4 d5 3. exd5 exd5 4. Qf3 Nf6 5. h3 Nc6 6. c3 Bd6 7. Bd3 Qe7+ 8.
Ne2 h6 9. Be3 g5 10. g4 Be6 11. Nd2 Rg8 12. O-O-O O-O-O 13. Rdg1 Nd7 14. h4
Nde5 15. dxe5 Nxe5 1/2-1/2

[Event "SC Doppelbauer Brambauer 1 - SK Holster"]
[Site "Verbandsliga, Gruppe 2 2017/2"]
[Date "2018.03.18"]
[Round "8.6"]
[White "Zimmermann, Dirk"]
[Black "Krieglstein, Marcel"]
[Result "1/2-1/2"]
[WhiteElo "1918"]
[BlackElo "1829"]
[PlyCount "39"]
[EventDate "2018.??.??"]

1. e4 d5 2. exd5 Qxd5 3. Nc3 Qa5 4. b4 Qxb4 5. Rb1 Qd6 6. Nf3 c6 7. Be2 Nf6 8.
O-O e6 9. Rb3 Qc7 10. d4 Bd6 11. Re1 O-O 12. Bd3 Nbd7 13. Bg5 a6 14. Ne4 Nxe4
15. Bxe4 c5 16. Qb1 Rb8 17. d5 e5 18. c4 h6 19. Bh4 Qa5 20. Bf5 1/2-1/2

[Event "SC Doppelbauer Brambauer 1 - SK Holster"]
[Site "Verbandsliga, Gruppe 2 2017/2"]
[Date "2018.03.18"]
[Round "8.7"]
[White "Haberl, Ingo"]
[Black "Jochmann, Christian"]
[Result "1/2-1/2"]
[WhiteElo "1365"]
[BlackElo "1805"]
[PlyCount "31"]
[EventDate "2018.??.??"]

1. e4 c5 2. Nf3 e6 3. c3 d5 4. e5 Nc6 5. d4 Qb6 6. Be2 Bd7 7. O-O f6 8. Qb3
Qxb3 9. axb3 cxd4 10. cxd4 Bb4 11. Bd2 Nge7 12. Bxb4 Nxb4 13. Nc3 O-O 14. Rfc1
Rfc8 15. g3 Ng6 16. h4 1/2-1/2

[Event "SC Doppelbauer Brambauer 1 - SK Holster"]
[Site "Verbandsliga, Gruppe 2 2017/2"]
[Date "2018.03.18"]
[Round "8.8"]
[White "Rips, Frank"]
[Black "Dauber, Manfred"]
[Result "1-0"]
[WhiteElo "1791"]
[BlackElo "1213"]
[PlyCount "37"]
[EventDate "2018.??.??"]

1. e4 g6 2. d4 Bg7 3. Nf3 d6 4. Be2 Nd7 5. O-O e6 6. c4 c6 7. Nc3 Ne7 8. Bg5
O-O 9. Qd2 h6 10. Bxh6 f6 11. Bxg7 Kxg7 12. d5 e5 13. dxc6 Nb6 14. Rfd1 d5 15.
c5 d4 16. cxb6 Qxb6 17. Na4 Qxc6 18. Qb4 Qc7 19. Rac1 1-0

[Event "SG Gladbeck 1 - SC Mülheim 1"]
[Site "Verbandsliga, Gruppe 2 2017/2"]
[Date "2018.03.18"]
[Round "8.1"]
[White "Viebahn, Dirk"]
[Black "Hassenrueck, Helmut"]
[Result "1/2-1/2"]
[WhiteElo "2094"]
[BlackElo "2045"]
[PlyCount "59"]
[EventDate "2018.??.??"]

1. e4 e5 2. Nf3 Nc6 3. d4 exd4 4. Nxd4 Nf6 5. Nxc6 bxc6 6. e5 Qe7 7. Qe2 Nd5 8.
c4 Nb6 9. Nc3 Qe6 10. Qe4 g6 11. Bd3 Bg7 12. f4 O-O 13. O-O f5 14. Qe2 Ba6 15.
c5 Bxd3 16. Qxd3 Nd5 17. Nxd5 cxd5 18. b4 d6 19. cxd6 cxd6 20. Qa6 Rfb8 21. Be3
Qd7 22. Rae1 dxe5 23. fxe5 Rxb4 24. Bc5 Ra4 25. e6 Qe8 26. Qb7 Rc8 27. Qd7 Rd8
28. Qb7 Rc8 29. Qd7 Rd8 30. Qb7 1/2-1/2

[Event "SG Gladbeck 1 - SC Mülheim 1"]
[Site "Verbandsliga, Gruppe 2 2017/2"]
[Date "2018.03.18"]
[Round "8.2"]
[White "Mancic, Ivan"]
[Black "Langschmidt, Dirk"]
[Result "1-0"]
[WhiteElo "2170"]
[BlackElo "1976"]
[PlyCount "91"]
[EventDate "2018.??.??"]

1. d4 e6 2. c4 Nf6 3. g3 Bb4+ 4. Bd2 Be7 5. Bg2 d5 6. Nc3 dxc4 7. Nf3 O-O 8.
O-O Nbd7 9. Qc2 c5 10. Rfd1 Nd5 11. dxc5 Bxc5 12. Ne4 Qc7 13. Nfg5 g6 14. Nxc5
Qxc5 15. Ne4 Qc7 16. Bh6 Re8 17. Qd2 f6 18. Rac1 Ne5 19. b3 Rb8 20. bxc4 Nxc4
21. Qd4 b5 22. Nxf6+ Nxf6 23. Qxf6 Bb7 24. Bh3 Qf7 25. Qh4 Bd5 26. Rd4 e5 27.
Rd3 Rb6 28. Rcd1 Be6 29. Rd7 Bxd7 30. Rxd7 g5 31. Bxg5 Qg6 32. e4 Nd6 33. Bf6
Nf7 34. Be7 Qh6 35. Qxh6 Rxh6 36. Bf5 a5 37. h4 Rc6 38. g4 b4 39. g5 Rb6 40. h5
a4 41. g6 hxg6 42. Bxg6 Rxe7 43. Rxe7 b3 44. axb3 axb3 45. Bxf7+ Kf8 46. Ra7
1-0

[Event "SG Gladbeck 1 - SC Mülheim 1"]
[Site "Verbandsliga, Gruppe 2 2017/2"]
[Date "2018.03.18"]
[Round "8.3"]
[White "Riese, Manfred"]
[Black "Frohne, Gerd"]
[Result "1/2-1/2"]
[WhiteElo "1815"]
[BlackElo "2088"]
[PlyCount "68"]
[EventDate "2018.??.??"]

1. c4 e6 2. g3 d5 3. Bg2 Nf6 4. Nf3 Be7 5. O-O O-O 6. b3 c5 7. Bb2 Nc6 8. e3 d4
9. exd4 cxd4 10. d3 e5 11. Re1 Qc7 12. a3 a5 13. Nbd2 h6 14. Qe2 Nd7 15. Nxd4
exd4 16. Bxc6 Qxc6 17. Qxe7 Nc5 18. Bxd4 Bh3 19. f3 Nxd3 20. Re3 Rfe8 21. Qh4
Bf5 22. Ne4 g5 23. Qh5 Bxe4 24. fxe4 Rxe4 25. Rxd3 Rxd4 26. Rxd4 Qb6 27. Rad1
Rd8 28. Qe2 Rxd4 29. Qe8+ Kh7 30. Qxf7+ Kh8 31. Qe8+ Kh7 32. Qe7+ Kg6 33. Qe8+
Kh7 34. Qf7+ Kh8 1/2-1/2

[Event "SG Gladbeck 1 - SC Mülheim 1"]
[Site "Verbandsliga, Gruppe 2 2017/2"]
[Date "2018.03.18"]
[Round "8.4"]
[White "Berg, Dietmar"]
[Black "Straenger, Petra"]
[Result "1-0"]
[WhiteElo "1969"]
[BlackElo "1814"]
[PlyCount "85"]
[EventDate "2018.??.??"]

1. d4 d5 2. c4 c6 3. Nc3 Nf6 4. e3 Bf5 5. cxd5 cxd5 6. Qb3 Qd7 7. Nf3 e6 8. Bb5
Nc6 9. Ne5 Qc7 10. Qa4 Rc8 11. Qxa7 Bd6 12. Nxc6 bxc6 13. Qxc7 Rxc7 14. Be2 O-O
15. O-O Rb8 16. b3 Ra7 17. Bb2 e5 18. dxe5 Bxe5 19. Na4 Bxb2 20. Nxb2 c5 21.
Bd3 Be6 22. Rfb1 Kf8 23. Bc2 c4 24. Na4 Rc7 25. b4 Nd7 26. Nc3 Rcb7 27. a3 h6
28. Ne2 Ne5 29. Nd4 Bd7 30. Kf1 Rb6 31. Ke2 g6 32. h3 Ke7 33. Kd2 Kd6 34. Kc3
Be8 35. a4 Kc7 36. b5 Rf6 37. f4 Nd7 38. a5 Nc5 39. b6+ Kb7 40. Nb5 Bd7 41. Nc7
Bc6 42. a6+ Kc8 43. a7 1-0

[Event "SG Gladbeck 1 - SC Mülheim 1"]
[Site "Verbandsliga, Gruppe 2 2017/2"]
[Date "2018.03.18"]
[Round "8.7"]
[White "Achenbach, Manfred"]
[Black "Schelwokat, Peter"]
[Result "1-0"]
[WhiteElo "1998"]
[BlackElo "1883"]
[PlyCount "69"]
[EventDate "2018.??.??"]

1. Nf3 Nf6 2. c4 c5 3. d3 g6 4. e4 d6 5. g3 Bg7 6. Bg2 O-O 7. Nc3 a6 8. O-O Nc6
9. h3 Bd7 10. Be3 Rb8 11. a4 Qc8 12. Kh2 b6 13. Qd2 e5 14. Bh6 Nd4 15. Nxd4
exd4 16. Ne2 Ne8 17. Bxg7 Nxg7 18. Nf4 Bc6 19. b4 Ba8 20. Rfe1 Qc7 21. h4 f5
22. b5 a5 23. Re2 fxe4 24. Bxe4 Bxe4 25. Rxe4 Rbe8 26. Rae1 Qf7 27. Rxe8 Rxe8
28. Rxe8+ Qxe8 29. Nd5 Qe5 30. Qg5 Nf5 31. h5 Qe2 32. Nf6+ Kg7 33. Ng4 Qxd3 34.
Qf6+ Kg8 35. hxg6 1-0

[Event "SG Gladbeck 1 - SC Mülheim 1"]
[Site "Verbandsliga, Gruppe 2 2017/2"]
[Date "2018.03.18"]
[Round "8.8"]
[White "Winzbeck, Frank"]
[Black "Galle, Wolfgang"]
[Result "1-0"]
[WhiteElo "1850"]
[BlackElo "1736"]
[Annotator "Daniel"]
[PlyCount "69"]
[EventDate "2018.??.??"]

1. d4 d6 2. c4 Nd7 3. e4 e5 4. d5 a5 5. g3 Ngf6 6. Nc3 Nc5 7. Bg2 Be7 8. Nge2
O-O 9. O-O Nfd7 10. f4 exf4 11. Bxf4 Bf6 12. Qd2 Ne5 13. b3 Qe7 14. Nd4 Bd7 15.
Rab1 Rfb8 16. a3 g6 17. b4 axb4 18. axb4 Na4 19. Bxe5 Bxe5 20. Nce2 Nb6 21.
Rfc1 Ra6 22. c5 dxc5 23. bxc5 Na4 24. Qb4 b6 25. Ra1 Rba8 26. d6 cxd6 27. c6
Bc8 28. Nb5 Nc5 29. Rxa6 Rxa6 30. Rd1 Ra4 31. Qd2 Ba6 32. Nec3 Ra5 33. Nxd6
Bxc3 34. Qxc3 Ne6 35. e5 {ZAo} 1-0

[Event "SV Rot-Weiß-Altenessen 1 - SC Gerthe - "]
[Site "Verbandsliga, Gruppe 2 2017/2"]
[Date "2018.03.18"]
[Round "8.1"]
[White "Quast, Marcel"]
[Black "Praß, Marian"]
[Result "1/2-1/2"]
[WhiteElo "2206"]
[BlackElo "2012"]
[PlyCount "69"]
[EventDate "2018.??.??"]

1. e4 c5 2. d4 cxd4 3. c3 d3 4. Bxd3 Nc6 5. Nf3 d6 6. h3 Nf6 7. c4 g6 8. Nc3
Bg7 9. O-O O-O 10. Be3 b6 11. Rc1 Bb7 12. Qd2 Re8 13. b3 Rc8 14. Nd4 Ne5 15.
Bb1 Qc7 16. Nd5 Qb8 17. Bh6 Bh8 18. Bg5 Ned7 19. f4 a6 20. Qf2 b5 21. f5 bxc4
22. bxc4 Bxd5 23. exd5 Ne5 24. Qe2 Qb4 25. Bd3 Qa3 26. Rfd1 Nfd7 27. Be3 Nc5
28. Bb1 Rb8 29. Kh1 Rb2 30. Nc2 Qa4 31. Bd4 Qxc4 32. Qxc4 Nxc4 33. Ne3 Nxe3 34.
Bxe3 Na4 35. Bd2 1/2-1/2

[Event "SV Rot-Weiß-Altenessen 1 - SC Gerthe - "]
[Site "Verbandsliga, Gruppe 2 2017/2"]
[Date "2018.03.18"]
[Round "8.2"]
[White "Birdaini, Becir"]
[Black "Topolewski, Dirk"]
[Result "1/2-1/2"]
[WhiteElo "2010"]
[BlackElo "2093"]
[PlyCount "90"]
[EventDate "2018.??.??"]

1. e4 e6 2. d4 d5 3. exd5 exd5 4. Bd3 Nc6 5. c3 Bd6 6. Nf3 Nf6 7. O-O O-O 8.
Bg5 Bg4 9. Nbd2 h6 10. Bh4 Re8 11. Qc2 g5 12. Bg3 Bxg3 13. hxg3 Qd6 14. Rfe1
Kg7 15. Bb5 Bxf3 16. Nxf3 Rxe1+ 17. Rxe1 Ne4 18. Bxc6 Qxc6 19. c4 Re8 20. Ne5
Qd6 21. Re3 c6 22. c5 Qc7 23. b4 a6 24. a4 Ra8 25. Qa2 Rb8 26. Kh2 Ra8 27. f3
Nf6 28. Qc2 Qc8 29. Qe2 Qf5 30. Nd3 Kf8 31. g4 Qd7 32. Ne5 Qc7 33. Qf2 Nd7 34.
Qg3 Nxe5 35. Rxe5 Qd7 36. Kg1 f6 37. Re2 Kf7 38. Qh2 Rh8 39. Kf2 Kg6 40. Ke1
Rf8 41. Kd2 Ra8 42. a5 Rd8 43. Kc3 Qf7 44. Qh1 Kg7 45. Qh2 Re8 1/2-1/2

[Event "SV Rot-Weiß-Altenessen 1 - SC Gerthe - "]
[Site "Verbandsliga, Gruppe 2 2017/2"]
[Date "2018.03.18"]
[Round "8.3"]
[White "Brueggestraß, Volker"]
[Black "Cavasin, Joerg"]
[Result "1/2-1/2"]
[WhiteElo "2021"]
[BlackElo "1891"]
[PlyCount "79"]
[EventDate "2018.??.??"]

1. e4 g6 2. d4 Bg7 3. Nf3 d6 4. h3 c6 5. Bd3 Nd7 6. O-O Qc7 7. Be3 Ngf6 8. c4
O-O 9. Nc3 Rd8 10. Qd2 e5 11. d5 Nc5 12. Bc2 Qe7 13. Bg5 Qf8 14. b4 Na6 15.
Rab1 h6 16. Be3 Kh7 17. b5 cxb5 18. Nxb5 b6 19. Rb3 Nd7 20. a4 Ndc5 21. Ra3 Nb7
22. Rb1 Bd7 23. Ne1 Rdc8 24. Bd3 Nac5 25. Nc2 Nxd3 26. Qxd3 Nc5 27. Bxc5 Rxc5
28. a5 a6 29. Nc3 bxa5 30. Na4 Bxa4 31. Rxa4 Rb8 32. Rba1 Qc8 33. Ne3 h5 34.
Rxa5 Rb6 35. Qa3 Rxa5 36. Qxa5 Qb7 37. Kh2 Bf8 38. Qa4 Qc8 39. Qa5 Qb7 40. Qa4
1/2-1/2

[Event "SV Rot-Weiß-Altenessen 1 - SC Gerthe - "]
[Site "Verbandsliga, Gruppe 2 2017/2"]
[Date "2018.03.18"]
[Round "8.4"]
[White "Rohloff, Markus"]
[Black "Berens, Thomas"]
[Result "1-0"]
[WhiteElo "1830"]
[BlackElo "1891"]
[PlyCount "77"]
[EventDate "2018.??.??"]

1. e4 c5 2. Nf3 d6 3. d4 cxd4 4. Nxd4 Nf6 5. Nc3 a6 6. Bc4 e6 7. Be3 Nbd7 8. f3
Qc7 9. Bb3 Nc5 10. Qd2 Be7 11. h4 h5 12. O-O-O Nxb3+ 13. cxb3 b5 14. Kb1 Bb7
15. Ndxb5 axb5 16. Nxb5 Qc6 17. Nxd6+ Bxd6 18. Qxd6 Qxd6 19. Rxd6 Rd8 20. Rb6
Rd7 21. Bc5 Kd8 22. Rc1 Rc7 23. b4 Kc8 24. a4 Nd7 25. Rd6 Rd8 26. Rcd1 Re8 27.
Bf2 Nb8 28. Bb6 Rd7 29. Rc1+ Bc6 30. Rdxc6+ Nxc6 31. Rxc6+ Kb7 32. b5 Rd2 33.
a5 Rxg2 34. a6+ Kb8 35. Bc5 Rd8 36. b6 Re2 37. Bd6+ Ka8 38. Rc8+ Rxc8 39. b7+
1-0

[Event "SV Rot-Weiß-Altenessen 1 - SC Gerthe - "]
[Site "Verbandsliga, Gruppe 2 2017/2"]
[Date "2018.03.18"]
[Round "8.5"]
[White "Gottmann, Bernd"]
[Black "Avgustin, Thomas"]
[Result "1-0"]
[WhiteElo "1912"]
[BlackElo "1709"]
[PlyCount "38"]
[EventDate "2018.??.??"]

1. d4 d5 2. c4 c6 3. cxd5 cxd5 4. Bg5 Nc6 5. Nc3 Qa5 6. e3 e6 7. Bd3 Be7 8.
Bxe7 Ngxe7 9. Nf3 Bd7 10. O-O Qc7 11. Rc1 Rc8 12. Re1 f5 13. Ne2 Qd6 14. Nf4
O-O 15. Be2 a6 16. a3 Kh8 17. h4 Nxd4 18. Qxd4 Rxc1 19. Rxc1 Nc6 1-0

[Event "SV Rot-Weiß-Altenessen 1 - SC Gerthe - "]
[Site "Verbandsliga, Gruppe 2 2017/2"]
[Date "2018.03.18"]
[Round "8.6"]
[White "Metzner, Carsten"]
[Black "Melmer, Felix"]
[Result "1/2-1/2"]
[WhiteElo "1787"]
[BlackElo "1867"]
[PlyCount "87"]
[EventDate "2018.??.??"]

1. d4 f5 2. c4 Nf6 3. Nc3 e6 4. Nf3 d5 5. Bf4 c6 6. a3 Bd6 7. Bxd6 Qxd6 8. e3
Nbd7 9. Be2 O-O 10. g3 Ne4 11. h4 Ndf6 12. Ne5 Bd7 13. O-O Be8 14. Rc1 Nd7 15.
Nxe4 fxe4 16. c5 Qc7 17. Nxd7 Bxd7 18. Bg4 Rae8 19. Kg2 e5 20. Bxd7 Qxd7 21.
Rc2 exd4 22. Qxd4 Rf3 23. b4 a6 24. a4 Qf5 25. b5 axb5 26. axb5 Rf8 27. Qa4
Rxe3 28. bxc6 Qf3+ 29. Kh2 Ra3 30. Qb5 bxc6 31. Qxc6 e3 32. Qe6+ Kh8 33. c6
exf2 34. Qh3 Rc3 35. Rcxf2 Qxf2+ 36. Rxf2 Rxf2+ 37. Kg1 Rf8 38. Qd7 Rxg3+ 39.
Kh2 Ra3 40. Qxd5 h6 41. c7 Raa8 42. Kg3 Rac8 43. Qd7 Rce8 44. Qd6 1/2-1/2

[Event "SV Rot-Weiß-Altenessen 1 - SC Gerthe - "]
[Site "Verbandsliga, Gruppe 2 2017/2"]
[Date "2018.03.18"]
[Round "8.7"]
[White "Meise, Ulrich"]
[Black "Drawe, Thomas"]
[Result "1/2-1/2"]
[WhiteElo "1858"]
[BlackElo "1861"]
[PlyCount "52"]
[EventDate "2018.??.??"]

1. e4 d6 2. d4 Nf6 3. Bd3 e5 4. c3 Be7 5. Nf3 Nbd7 6. O-O O-O 7. Bg5 h6 8. Bxf6
Bxf6 9. Qc2 b6 10. Nbd2 Bb7 11. Nc4 exd4 12. cxd4 d5 13. Ne3 c5 14. dxc5 dxe4
15. Bxe4 Bxe4 16. Qxe4 Nxc5 17. Qc2 Rc8 18. Rad1 Qe8 19. Nd5 Qc6 20. b4 Nd7 21.
Qd3 Rfe8 22. Rfe1 Ne5 23. Nxf6+ Qxf6 24. Nxe5 Rxe5 25. Rxe5 Qxe5 26. h3 Qc7
1/2-1/2

[Event "SV Rot-Weiß-Altenessen 1 - SC Gerthe - "]
[Site "Verbandsliga, Gruppe 2 2017/2"]
[Date "2018.03.18"]
[Round "8.8"]
[White "Neugebauer, Thomas"]
[Black "Kalle, Yannis"]
[Result "1-0"]
[WhiteElo "1809"]
[BlackElo "1710"]
[PlyCount "55"]
[EventDate "2018.??.??"]

1. e4 Nf6 2. e5 Nd5 3. d4 d6 4. c4 Nb6 5. exd6 cxd6 6. Nc3 g6 7. Bg5 Nc6 8. Rc1
Bg7 9. d5 Ne5 10. b3 Bf5 11. h3 O-O 12. f4 Ned7 13. g4 Bxc3+ 14. Rxc3 Be4 15.
Rh2 Qc7 16. Ne2 Rae8 17. Qd4 f5 18. Bh6 Rf7 19. gxf5 Bxf5 20. Re3 Nc5 21. Ng3
e5 22. Nxf5 Rxf5 23. Qc3 Qf7 24. Rhe2 Ncd7 25. h4 Rh5 26. Bg5 Rf8 27. Bh3 h6
28. Be6 1-0

[Event "SV Mülheim-Nord 3 - SG Bochum 3"]
[Site "Verbandsliga, Gruppe 2 2017/2"]
[Date "2018.03.18"]
[Round "8.2"]
[White "Ozerov, Ilja"]
[Black "Pilat, Daniel"]
[Result "1-0"]
[WhiteElo "2181"]
[BlackElo "2128"]
[Annotator "Daniel"]
[PlyCount "71"]
[EventDate "2018.??.??"]

1. f4 d5 2. Nf3 g6 3. g3 Bg7 $11 4. Bg2 c6 5. d3 Nh6 6. Nc3 Qb6 7. e4 dxe4 8.
dxe4 e5 9. Nxe5 Bxe5 10. fxe5 Ng4 11. Qe2 Nxe5 12. Qe3 Be6 13. Qxb6 axb6 14. b3
Nbd7 15. Bb2 O-O-O 16. O-O-O Rhe8 17. h3 g5 18. Ne2 f5 19. Nd4 f4 20. Nxe6 Rxe6
21. gxf4 gxf4 22. h4 Ng4 23. Bh3 Rg6 24. h5 Rg5 25. Rhg1 Rdg8 26. Rxd7 Kxd7 27.
Bf6 Ra5 28. Rxg4 Rxg4 29. Bxg4+ Ke8 30. Kd2 Kf7 31. Bh4 Rxa2 32. Bg5 b5 33.
Bxf4 c5 34. Bf5 Kg8 35. Bd6 b6 36. h6 1-0

[Event "SV Mülheim-Nord 3 - SG Bochum 3"]
[Site "Verbandsliga, Gruppe 2 2017/2"]
[Date "2018.03.18"]
[Round "8.3"]
[White "Butschek, Marc"]
[Black "Limbourg, Philipp"]
[Result "0-1"]
[WhiteElo "1974"]
[BlackElo "2167"]
[PlyCount "38"]
[EventDate "2018.??.??"]

1. e4 c5 2. c3 g6 3. d4 cxd4 4. cxd4 d5 5. exd5 Nf6 6. Nc3 Bg7 7. Nf3 Nxd5 8.
Bc4 Nxc3 9. bxc3 O-O 10. Bb3 Nc6 11. O-O Na5 12. Re1 Qc7 13. Qd3 Bf5 14. Qe3
Rfe8 15. Bb2 Nc4 16. Bxc4 Qxc4 17. Ne5 Qb5 18. Re2 f6 19. Nf3 Bh6 0-1

[Event "SV Mülheim-Nord 3 - SG Bochum 3"]
[Site "Verbandsliga, Gruppe 2 2017/2"]
[Date "2018.03.18"]
[Round "8.4"]
[White "Simanowski, Mio"]
[Black "Boehle, Lars"]
[Result "1/2-1/2"]
[WhiteElo "1933"]
[BlackElo "2109"]
[PlyCount "81"]
[EventDate "2018.??.??"]

1. e4 e6 2. d4 d5 3. exd5 exd5 4. Nf3 Bg4 5. h3 Bh5 6. Be2 Nc6 7. O-O Bd6 8.
Nc3 Nge7 9. Nb5 a6 10. Nxd6+ Qxd6 11. c3 f6 12. Ne1 Bxe2 13. Qxe2 O-O 14. Nd3
Ng6 15. Re1 b6 16. Qe6+ Qxe6 17. Rxe6 Na5 18. Bf4 Rfc8 19. Rae1 c5 20. Bg3 cxd4
21. cxd4 Rc4 22. Rxb6 Rxd4 23. Nc5 Rd2 24. b4 Nc4 25. Rxa6 Rxa6 26. Nxa6 Rxa2
27. Nc7 d4 28. Rd1 Rb2 29. b5 Na3 30. Rxd4 Nxb5 31. Rd8+ Kf7 32. Rd7+ Kg8 33.
Ne6 Re2 34. Rxg7+ Kh8 35. Rb7 Rxe6 36. Rxb5 Ne7 37. Kh2 Kg7 38. Bf4 Kg6 39. Kg3
Nf5+ 40. Kh2 h5 41. g4 1/2-1/2

[Event "SV Mülheim-Nord 3 - SG Bochum 3"]
[Site "Verbandsliga, Gruppe 2 2017/2"]
[Date "2018.03.18"]
[Round "8.5"]
[White "Fistoul, Boris"]
[Black "Kuipers, Dustin"]
[Result "0-1"]
[WhiteElo "1999"]
[BlackElo "2039"]
[PlyCount "81"]
[EventDate "2018.??.??"]

1. d4 d5 2. c4 c6 3. Nf3 Nf6 4. Nc3 e6 5. e3 Nbd7 6. Qc2 Bd6 7. b3 O-O 8. Be2
b6 9. e4 dxe4 10. Nxe4 Nxe4 11. Qxe4 Bb7 12. Bd3 Nf6 13. Qh4 Bb4+ 14. Kf1 c5
15. Bg5 h6 16. Bxf6 Qxf6 17. Qxf6 gxf6 18. dxc5 bxc5 19. Ke2 a5 20. a4 Rfd8 21.
Rad1 Kf8 22. Bc2 Ke7 23. Rhg1 Bc3 24. g3 f5 25. Nh4 Bd4 26. Ng2 Rab8 27. Nf4
Be4 28. Nd3 Rb6 29. Rgf1 f4 30. gxf4 Bg6 31. Rb1 Bh5+ 32. f3 Rg8 33. Ne1 f5 34.
Bd3 Rbb8 35. Kd1 Rg7 36. Nc2 Rd8 37. Nxd4 Rxd4 38. Ke2 Rg2+ 39. Ke3 e5 40. Rf2
exf4+ 41. Ke2 0-1

[Event "SV Mülheim-Nord 3 - SG Bochum 3"]
[Site "Verbandsliga, Gruppe 2 2017/2"]
[Date "2018.03.18"]
[Round "8.6"]
[White "Mainusch, Martin"]
[Black "Biermann, Florian"]
[Result "0-1"]
[WhiteElo "1978"]
[BlackElo "2025"]
[PlyCount "146"]
[EventDate "2018.??.??"]

1. Nf3 c5 2. g3 Nc6 3. Bg2 g6 4. O-O Bg7 5. d3 d6 6. c3 e5 7. Bg5 Nge7 8. Qc1
h6 9. Be3 Be6 10. Rd1 Rc8 11. Na3 f5 12. h4 Qd7 13. Nc2 f4 14. gxf4 Bh3 15.
Bxh3 Qxh3 16. Nce1 Nf5 17. Ng2 exf4 18. Bxf4 g5 19. Bh2 Ne5 20. Nxe5 Bxe5 21.
Bxe5 dxe5 22. Qc2 gxh4 23. Qb3 Ne7 24. Qa4+ Rc6 25. Qxh4 Qf5 26. Ne3 Rg6+ 27.
Kh2 Qf7 28. Rg1 Rf8 29. f3 Rfg8 30. Rxg6 Qxg6 31. b4 Nf5 32. Qg4 Nxe3 33. Qc8+
Kf7 34. Qxb7+ Kf8 35. Qc8+ Kg7 36. Qc7+ Kh8 37. Qxe5+ Kh7 38. Qe4 Qxe4 39. fxe4
cxb4 40. cxb4 Rg2+ 41. Kh3 Rxe2 42. a4 Rd2 43. Ra3 Nd1 44. Kg4 Rxd3 45. Ra1 Rd4
46. Rc1 Ne3+ 47. Kf4 Rc4 48. Rb1 Nd5+ 49. Kf5 Nxb4 50. e5 Kg7 51. Rg1+ Kf8 52.
Rh1 Nc6 53. Rxh6 Ne7+ 54. Kg5 Rxa4 55. Rf6+ Ke8 56. Rd6 Nc8 57. Rd1 Ke7 58. Kf5
Ra5 59. Rd2 Nb6 60. Rh2 Nd7 61. Re2 Rb5 62. Re3 a5 63. Re4 Rd5 64. Re3 a4 65.
Ra3 Rxe5+ 66. Kf4 Ra5 67. Ke4 Kd6 68. Kd4 Kc6 69. Kc4 Nb6+ 70. Kb4 Rb5+ 71. Kc3
Rh5 72. Kb4 Rh4+ 73. Ka5 Nc4+ 0-1

[Event "SV Mülheim-Nord 3 - SG Bochum 3"]
[Site "Verbandsliga, Gruppe 2 2017/2"]
[Date "2018.03.18"]
[Round "8.7"]
[White "Biermann, Lenhard"]
[Black "Grodotzki, Kenneth"]
[Result "1/2-1/2"]
[WhiteElo "1922"]
[BlackElo "1985"]
[Annotator "Daniel"]
[PlyCount "89"]
[EventDate "2018.??.??"]

1. d4 f5 2. g3 Nf6 3. Bg2 g6 4. Nh3 Bg7 5. Nf4 d6 6. d5 O-O 7. h4 c6 8. Nc3 e5
9. dxe6 d5 10. Be3 Qe7 11. Bd4 Bxe6 12. h5 Bf7 13. hxg6 hxg6 14. Qd2 Nbd7 15.
O-O-O Ne5 16. Nd3 Nfd7 17. Nxe5 Nxe5 18. Qe3 Rfe8 19. Bc5 Qd8 20. Qf4 Qf6 21.
Bd4 g5 22. Qd2 Qe7 23. Qe3 Ng4 24. Qf3 Bxd4 25. Rxd4 Bg6 26. e3 Ne5 27. Qe2 Bf7
28. Qe1 b5 29. Nb1 Rad8 30. Rd1 Bg6 31. Qc3 Qg7 32. Nd2 a5 33. Nb3 b4 34. Qd4
a4 35. Nc5 a3 36. b3 Ng4 37. Qxg7+ Kxg7 38. Rd2 Rh8 39. Ne6+ Kf6 40. Nxd8 Rxd8
41. Kd1 Ne5 42. Ke2 Nf7 $11 43. Bf3 Nd6 44. Rd4 Rb8 45. Ke1 1/2-1/2

[Event "SV Mülheim-Nord 3 - SG Bochum 3"]
[Site "Verbandsliga, Gruppe 2 2017/2"]
[Date "2018.03.18"]
[Round "8.8"]
[White "Brockhaus, Bernd"]
[Black "Zeldin, Vitali"]
[Result "0-1"]
[WhiteElo "1951"]
[BlackElo "1970"]
[PlyCount "58"]
[EventDate "2018.??.??"]

1. e4 c5 2. c3 d6 3. d4 cxd4 4. cxd4 g6 5. Nc3 Bg7 6. Be3 Nc6 7. d5 Nb8 8. Be2
Nf6 9. g4 O-O 10. g5 Ne8 11. h4 f5 12. h5 Qa5 13. hxg6 hxg6 14. Bd4 e5 15. dxe6
Bxe6 16. Bxg7 Kxg7 17. exf5 Qxf5 18. Qd4+ Qe5 19. Qh4 Kf7 20. Nf3 Qg7 21. Nd4
Nc6 22. Nxe6 Kxe6 23. Qe4+ Kd7 24. O-O-O Rd8 25. Bb5 Rc8 26. Rh6 Rf5 27. Rdh1
Qe5 28. Qxe5 Rxe5 29. Rxg6 Rxb5 0-1